Most Popular Modest Mouse Songs - Statistics

General Stats
  • This quiz has been taken 14 times
  • The average score is 10 of 25
Answer Stats
Ranking Answer % Correct
#1 Float On
100%
#2 Dashboard
85%
#11 3rd Planet
77%
#6 Ocean Breathes Salty
77%
#7 Dramamine
69%
#3 Lampshades on Fire
62%
#5 Missed the Boat
62%
#4 The World at Large
62%
#8 Gravity Rides Everything
54%
#12 The Good Times are Killing Me
46%
#16 The View
38%
#19 Trailer Trash
38%
#9 Bukowski
31%
#21 Bury Me With It
31%
#13 Fire It Up
31%
#15 Heart Cooks Brain
31%
#22 Satin in a Coffin
31%
#25 Blame it on the Tetons
23%
#20 We Are Between
23%
#24 Broke
15%
#18 Little Motel
15%
#23 Never Ending Math Equation
8%
#17 Polar Opposites
8%
#10 The Ground Walks, with Time in a Box
8%
#14 Paper Thin Walls
0%
No matching quizzes found
Score Distribution
Percent of People with Each Score
Percentile by Number Answered
Your Score History
You have not taken this quiz